Science Quiz

Random Science or Clickable Quiz
Score 0/20 Timer 06:00
0 Plays Today
% Correct
Lung
91.7%
Larynx
91.2%
Ligament
91%
Labia
90.2%
Leg
90.2%
Lymph
90.1%
Lens
89.3%
Leukocyte
87%
Lumbar
86.1%
Liver
84.6%
% Correct
Large intestine
84.1%
Lacrimal
71.4%
Lobe
68.4%
Limbic
68.1%
Lunate
61.2%
Lingula
58.4%
Labyrinth
57.3%
Lambdoid
50.8%
Lumen
45.7%
Levator ani
45.7%
Remove Ads.
Support Sporcle.
Get the best of Sporcle when you Go Orange. This ad-free experience offers more features, more stats, and more fun while also helping to support Sporcle. Thank you for becoming a member.

You're not logged in!

Compare scores with friends on all Sporcle quizzes.
OR
Log In

Sporcle TV

Today on Sporcle TV


Watch our educational content, quiz creation guides, and fun videos on Sporcle TV.

Show Comments

Extras

Top Quizzes Today


Score Distribution

Paid Content

Your Account Isn't Verified!

In order to create a playlist on Sporcle, you need to verify the email address you used during registration. Go to your Sporcle Settings to finish the process.

Report this User

Report this user for behavior that violates our Community Guidelines.

Details: